|
|
|
|
| LEADER |
00000cam a22000004a 4500 |
| 001 |
musev2_6516 |
| 003 |
MdBmJHUP |
| 005 |
20230905040748.0 |
| 006 |
m o d |
| 007 |
cr||||||||nn|n |
| 008 |
050617s2006 alu o 00 0 eng d |
| 010 |
|
|
|z 2005017750
|
| 020 |
|
|
|a 9780817382575
|
| 020 |
|
|
|z 9780817357429
|
| 020 |
|
|
|z 9780817314972
|
| 035 |
|
|
|a (OCoLC)424521930
|
| 040 |
|
|
|a MdBmJHUP
|c MdBmJHUP
|
| 043 |
|
|
|a n-us---
|
| 050 |
0 |
4 |
|a PS228.C68
|b B35 2006
|
| 082 |
0 |
|
|a 810.9/353
|2 22
|
| 100 |
1 |
|
|a Balkun, Mary McAleer.
|
| 245 |
1 |
4 |
|a The American Counterfeit :
|b Authenticity and Identity in American Literature and Culture /
|c Mary McAleer Balkun.
|
| 264 |
|
1 |
|a Tuscaloosa :
|b University of Alabama Press,
|c 2006.
|
| 264 |
|
3 |
|a Baltimore, Md. :
|b Project MUSE,
|c 2012
|
| 264 |
|
4 |
|c ©2006.
|
| 300 |
|
|
|a 1 online resource (195 pages).
|
| 336 |
|
|
|a text
|b txt
|2 rdacontent
|
| 337 |
|
|
|a computer
|b c
|2 rdamedia
|
| 338 |
|
|
|a online resource
|b cr
|2 rdacarrier
|
| 504 |
|
|
|a Includes bibliographical references (p. [167]-176) and index.
|
| 505 |
0 |
|
|a The real, the self, and commodity culture, 1880-1930 -- Whitman's natural history : specimen days and the culture of authenticity -- "I couldn't see no profit in it" : discourses of commoditization and authenticity in Adventures of Huckleberry Finn -- Connoisseurs and counterfeits : Edith Wharton's The house of mirth -- Dressing to kill : desire, race, and authenticity in Nella Larsen's Passing -- A world of wonders : collecting and the authentic self in The great Gatsby.
|
| 588 |
|
|
|a Description based on print version record.
|
| 650 |
|
0 |
|a Self in literature.
|
| 650 |
|
0 |
|a Passing (Identity) in literature.
|
| 650 |
|
0 |
|a Identity (Psychology) in literature.
|
| 650 |
|
0 |
|a Impostors and imposture in literature.
|
| 650 |
|
0 |
|a Authenticity (Philosophy) in literature.
|
| 650 |
|
0 |
|a American literature
|y 19th century
|x History and criticism.
|
| 650 |
|
0 |
|a Counterfeits and counterfeiting in literature.
|
| 650 |
|
0 |
|a American literature
|y 20th century
|x History and criticism.
|
| 655 |
|
7 |
|a Electronic books.
|2 local
|
| 710 |
2 |
|
|a Project Muse.
|e distributor
|
| 830 |
|
0 |
|a Book collections on Project MUSE.
|
| 856 |
4 |
0 |
|z Texto completo
|u https://projectmuse.uam.elogim.com/book/6516/
|
| 945 |
|
|
|a Project MUSE - Custom Collection
|
| 945 |
|
|
|a Project MUSE - Archive Complete Foundation
|
| 945 |
|
|
|a Project MUSE - Archive Literature Foundation
|
| 945 |
|
|
|a Project MUSE - Archive American Studies Foundation
|